| 000 | 00613nam a22001937a 4500 | ||
|---|---|---|---|
| 003 | NUST | ||
| 005 | 20250617161043.0 | ||
| 008 | 180712b ||||| |||| 00| 0 eng d | ||
| 038 | _aNusrat Nadeem | ||
| 082 | _a200 | ||
| 100 | _4 Shoukat Sana | ||
| 245 |
_aFraming Vulnerability: How Pakistani English Newspapers Covered Tharparkar Drought and Famine / _c Sana Shoukat, |
||
| 260 |
_aIslamabad: _bS3H NUST. _c2016. |
||
| 300 | _a98p. | ||
| 600 |
_xMS-Mass Communication _9127937 |
||
| 700 | _4Supervisor: Dr. Najma Sadiq | ||
| 856 | _uhttp://10.250.8.41:8080/xmlui/handle/123456789/6855 | ||
| 942 |
_2ddc _cSC |
||
| 999 |
_c478728 _d478728 |
||